[Event "2nd Invitational"]
[Site "Saint Louis USA"]
[Date "2012.04.13"]
[Round "9"]
[White "Young, Angelo"]
[Black "Margvelashvili, Giorgi"]
[Result "0-1"]
[WhiteTitle "IM"]
[BlackTitle "GM"]
[WhiteElo "2321"]
[BlackElo "2547"]
[WhiteFideId "5200490"]
[BlackFideId "13602926"]
[EventDate "2012.04.09"]

1. d4 Nf6 2. Nf3 e6 3. e3 b6 4. Bd3 Bb7 5. O-O d5 6. Nbd2 Nbd7 7. a4 a6 8. Qe2
Ne4 9. Ne1 Bd6 10. g3 O-O 11. f4 Nxd2 12. Bxd2 c5 13. c3 Nf6 14. Nf3 a5 15. Be1
Qc8 16. Nd2 Ba6 17. Bf2 Bxd3 18. Qxd3 Qc6 19. Rfe1 c4 20. Qc2 Ne4 21. Nxe4 dxe4
22. Reb1 Rfc8 23. Be1 Rab8 24. b3 cxb3 25. Qxb3 Kf8 26. Qa2 Ke7 27. Rb5 Qc4 28.
Qc2 f5 29. Kf2 Kd7 30. Rab1 Rc6 31. Qd1 g6 32. d5 exd5 33. Rxd5 Kc7 34. Rbb5 Rd8
35. Rd4 Qa2+ 36. Kg1 Rc5 37. Rd2 Qg8 38. Rd4 Rxb5 39. axb5 Bc5 40. Qc1 Qb3 41.
Rxd8 Kxd8 42. g4 Qxb5 43. Bh4+ Kc7 44. gxf5 gxf5 45. Bf6 a4 46. c4 Qb3 47. Kf2
Qd3 48. h4 h5 49. Be5+ Kc6 50. Bb2 a3 51. Be5 Kb7 52. Ba1 Be7 53. Bd4 Bxh4+ 54.
Kg1 a2 55. Qa3 0-1

[Event "2nd Invitational"]
[Site "Saint Louis USA"]
[Date "2012.04.13"]
[Round "9"]
[White "Gerzhoy, Leonid"]
[Black "Moradiabadi, Elshan"]
[Result "1-0"]
[WhiteTitle "IM"]
[BlackTitle "GM"]
[WhiteElo "2489"]
[BlackElo "2542"]
[WhiteFideId "2806126"]
[BlackFideId "12501255"]
[EventDate "2012.04.09"]

1. d4 Nf6 2. c4 e6 3. Nf3 b6 4. g3 Bb7 5. Bg2 Be7 6. Nc3 Ne4 7. Bd2 Na6 8. d5
Nxd2 9. Qxd2 Nc5 10. b4 Na6 11. a3 Nb8 12. O-O O-O 13. Nd4 e5 14. Nb3 d6 15. c5
bxc5 16. bxc5 Bc8 17. Na5 Bf5 18. e4 Bg6 19. f4 exf4 20. gxf4 dxc5 21. e5 Bf5
22. d6 cxd6 23. Nd5 Bh4 24. Ne3 1-0

[Event "2nd Invitational"]
[Site "Saint Louis USA"]
[Date "2012.04.13"]
[Round "9"]
[White "Brooks, Michael A"]
[Black "Yang, Darwin"]
[Result "0-1"]
[WhiteTitle "IM"]
[BlackTitle "IM"]
[WhiteElo "2456"]
[BlackElo "2448"]
[WhiteFideId "2000334"]
[BlackFideId "2029111"]
[EventDate "2012.04.09"]

1. e4 e6 2. d4 d5 3. e5 c5 4. c3 Nc6 5. Nf3 Nh6 6. Bd3 cxd4 7. cxd4 Nf5 8. Bxf5
exf5 9. O-O Be7 10. Nc3 Be6 11. Ne1 O-O 12. f4 Rc8 13. Be3 Na5 14. Qe2 Nc4 15.
Bf2 Qa5 16. Nf3 Rc7 17. Nd1 Rfc8 18. Be1 Qb6 19. Rf2 h6 20. h4 a6 21. Kh1 Rc6
22. Bc3 Qd8 23. g3 b5 24. Rh2 b4 25. Be1 a5 26. Bf2 a4 27. Bg1 Qa5 28. Ne1 a3
29. b3 Nb2 30. Nxb2 axb2 31. Qxb2 Rc3 32. Rg2 Bd7 33. Kh2 Qd8 34. Qf2 Bb5 35.
Rd1 h5 36. Kh1 g6 37. Bh2 Qc7 38. Qg1 Rc1 39. Rgd2 Qc3 40. Qf2 Qa1 0-1